Disposiciones sobre concesión de autorizaciones para instalaciones de producción, transporte y suministro de energía eléctrica / Ministerio de Fomento. Dirección General de Obras Públicas
Descripción Física:
92 p. ; 22 cm
Materias:
Energia elèctrica -- Dret i legislació
MARC
| LEADER | 00000nam a2200000Ia 4500 | ||
|---|---|---|---|
| 001 | 23596 | ||
| 008 | 160829s1917 xx 000 0 cat d | ||
| 080 | |a C-3-407 | ||
| 245 | |a Disposiciones sobre concesión de autorizaciones para instalaciones de producción, transporte y suministro de energía eléctrica / Ministerio de Fomento. Dirección General de Obras Públicas | ||
| 260 | |a Madrid : |b Vicente Rico, |c 1917 | ||
| 300 | |a 92 p. ; |c 22 cm | ||
| 650 | |a Energia elèctrica |x Dret i legislació |9 48993 | ||
| 710 | 1 | |a Espanya. |b Dirección General de Obras Públicas |9 55082 | |
| 901 | |a Arxiu | ||
| 942 | |n 1 | ||
| 952 | |0 0 |1 0 |4 0 |6 C3407 |7 1 |9 55024 |a Arxiu |b Arxiu |d 2012-08-14 |l 0 |o C-3-407 |p 23596 |r 2016-12-01 00:00:00 |w 2016-12-01 |y ARXIU | ||
| 999 | |c 58894 |d 58894 | ||